BIBLIOTECA PODER JUDICIAL
Portal Judicial TDF

El proceso civil : (Registro nro. 1562)

000 -LEADER
fixed length control field 01173nam a22002057a 4500
003 - CONTROL NUMBER IDENTIFIER
control field OSt
005 - DATE AND TIME OF LATEST TRANSACTION
control field 20191007120113.0
008 - FIXED-LENGTH DATA ELEMENTS--GENERAL INFORMATION
fixed length control field 180226b xxu||||| |||| 00| 0 spa d
040 ## - CATALOGING SOURCE
Transcribing agency PJ
100 ## - ASIENTO PRINCIPAL - NOMBRE DE PERSONA
9 (RLIN) 2135
Personal name Peyrano, Jorge Walter
245 13 - MENCIÓN DE TÍTULO
Título propiamente dicho El proceso civil :
Parte restante del título principios y fundamentos /
Mención de responsabilidad, etc Jorge W. Peyrano.
260 ## - PUBLICATION, DISTRIBUTION, ETC. (IMPRINT)
Place of publication, distribution, etc Buenos Aires :
Name of publisher, distributor, etc Astrea,
Date of publication, distribution, etc 1978.
300 ## - DESCRIPCION FISICA
Extent xix, 358 p.
Other physical details rústica;
Dimensions 23 cm.
500 ## - NOTA GENERAL
General note Notas y citas a pie de página.
504 ## - NOTA DE BIBLIOGRAFÍA, ETC.
Bibliography, etc Bibliografía: p. 351-358.
505 ## - FORMATTED CONTENTS NOTE
Formatted contents note Contenido:<br/>Función de los principios generales del proceso civil-- Elenco de principios -- El principio dispositivo -- Atenuación del principio dispositivo -- El principio de autoridad -- El principio inquisitivo y temas conexos -- El principio de contradicción -- Principio de moralidad -- Principio de economía procesal -- Principio de inmediación procesal -- Los principios generales de escritura y oralidad -- Los principios generales de publicidad y secreto -- Principio de adquisición procesal -- Conclusiones y resumen.
650 #0 - ASIENTO SECUNDARIO DE MATERIA - TERMINO TEMATICO
9 (RLIN) 1148
Topical term or geographic name as entry element DERECHO PROCESAL CIVIL
650 #0 - ASIENTO SECUNDARIO DE MATERIA - TERMINO TEMATICO
9 (RLIN) 1953
Topical term or geographic name as entry element PROCEDIMIENTO CIVIL
942 ## - ADDED ENTRY ELEMENTS (KOHA)
Source of classification or shelving scheme
Koha item type Libros
Classification part 347.91./95
Item part PEY
Existencias
Withdrawn status Lost status Source of classification or shelving scheme Damaged status Not for loan Permanent Location Current Location Date acquired Full call number Barcode Date last seen Price effective from Koha item type
          Biblioteca Poder Judicial Sur Biblioteca Poder Judicial Sur 2018-09-27 347.91/.95 PEY 0546 2018-09-27 2018-09-27 Libros

12 de Octubre 789 Ushuaia - Tel:  54(02901)441571
Horario de Atención: 8.00 a 17.00 hs. 
bibliotecaush@justierradelfuego.gov.ar
koha@justierradelfuego.gov.ar
Seguinos en nuestras redes @bibliojustdf 

Con tecnología Koha